รายละเอียดในรูปแบบ MARC
| 000 -LEADER |
| fixed length control field |
04370nam a22002657a 4500 |
| 003 - CONTROL NUMBER IDENTIFIER |
| control field |
NALT |
| 005 - DATE AND TIME OF LATEST TRANSACTION |
| control field |
20250320115244.0 |
| 008 - FIXED-LENGTH DATA ELEMENTS--GENERAL INFORMATION |
| fixed length control field |
250307b th ||||| |||| 00| 0 tha d |
| 040 ## - CATALOGING SOURCE |
| Original cataloging agency |
NALT |
| 086 ## - GOVERNMENT DOCUMENT CLASSIFICATION NUMBER |
| Classification number |
สว 18 7.3 610.7306 2565 |
| 110 2# - MAIN ENTRY--CORPORATE NAME |
| Corporate name or jurisdiction name as entry element |
สำนักงานเลขาธิการวุฒิสภา. |
| Subordinate unit |
สำนักกรรมาธิการ 3. |
| -- |
กลุ่มงานคณะกรรมาธิการการสาธารณสุข |
| 9 (RLIN) |
65476 |
| 245 10 - TITLE STATEMENT |
| Title |
รายงานการพิจารณาศึกษา เรื่อง ภาระงานและประสิทธิภาพของวิชาชีพพยาบาลภายใต้สถานการณ์การระบาดของโรค COVID 19 ของคณะกรรมาธิการการสาธารณสุข วุฒิสภา / |
| Statement of responsibility, etc. |
กลุ่มงานคณะกรรมาธิการการสาธารณสุข สำนักกรรมาธิการ 3 สำนักงานเลขาธิการวุฒิสภา. |
| 260 ## - PUBLICATION, DISTRIBUTION, ETC. |
| Place of publication, distribution, etc. |
กรุงเทพฯ : |
| Name of publisher, distributor, etc. |
สำนักกรรมาธิการ 3 สำนักงานเลขาธิการวุฒิสภา, |
| Date of publication, distribution, etc. |
2565. |
| 300 ## - PHYSICAL DESCRIPTION |
| Extent |
126 หน้า : |
| Other physical details |
ภาพประกอบ ตาราง แผนภูมิ ; |
| Dimensions |
29 ซม. |
| 505 2# - FORMATTED CONTENTS NOTE |
| Formatted contents note |
บทที่ 1 บทนำ --<br/>ที่มาและความสำคัญของปัญหา --<br/>วัตถุประสงค์การวิจัย --<br/>ขอบเขตการวิจัย --<br/>นิยามศัพท์เฉพาะ --<br/>ประโยชน์ที่คาดว่าจะได้รับ --<br/>บทที่ 2 แนวคิด ทฤษฎี และงานวิจัยที่เกี่ยวข้อง --<br/>การระบาดของโรคระบาดใหญ่ (โควิด 19) และผลกระทบต่อกำลังคนด้านการพยาบาล --<br/>สถานการณ์ด้านกำลังคนด้านการพยาบาลในการตอบสนองต่อสถานการณ์การระบาดของของโรคระบาดใหญ่ (โควิด 19) --<br/>งานวิจัยที่เกี่ยวข้อง --<br/>กรอบแนวคิดการวิจัย --<br/>บทที่ 3 ระเบียบวิธีการศึกษา --<br/>วิธีการศึกษา --<br/>ประชากรและกลุ่มตัวอย่าง --<br/>เครื่องมือที่ใช้ในการวิจัย --<br/>การตรวจสอบคุณภาพของเครื่องมือ --<br/>การเก็บรวบรวมข้อมูล --<br/>การวิเคราะห์ข้อมูล --<br/>บทที่ 4 ผลการพิจารณาศึกษา --<br/>สถานการณ์ บทบาทหน้าที่ ของวิชาชีพพยาบาลในสถาณการณ์การระบาดของโรคโควิด 19 --<br/>ภาวะสุขภาพในการปฏิบัติงานของวิชาชีพพยาบาลในแต่ละระดับภายได้สถานการณ์การระบาดของโรคโควิด 19 --<br/>บทที่ 5 บทสรุปและข้อเสนอแนะ --<br/>สรุปผล --<br/>อภิปรายผล --<br/>ข้อเสนอแนะ. |
| 610 24 - SUBJECT ADDED ENTRY--CORPORATE NAME |
| Corporate name or jurisdiction name as entry element |
คณะกรรมาธิการการสาธารณสุข วุฒิสภา |
| General subdivision |
รายงาน |
| 9 (RLIN) |
17006 |
| 650 #4 - SUBJECT ADDED ENTRY--TOPICAL TERM |
| Topical term or geographic name entry element |
พยาบาล |
| 9 (RLIN) |
18795 |
| 650 #4 - SUBJECT ADDED ENTRY--TOPICAL TERM |
| Topical term or geographic name entry element |
โควิด-19 (โรค) |
| General subdivision |
การพยาบาล |
| 9 (RLIN) |
65604 |
| 710 2# - ADDED ENTRY--CORPORATE NAME |
| Corporate name or jurisdiction name as entry element |
คณะกรรมาธิการการสาธารณสุข วุฒิสภา |
| 9 (RLIN) |
40169 |
| 856 40 - ELECTRONIC LOCATION AND ACCESS |
| Uniform Resource Identifier |
<a href="https://dl.parliament.go.th/handle/20.500.13072/606746">https://dl.parliament.go.th/handle/20.500.13072/606746</a> |
| 942 ## - ADDED ENTRY ELEMENTS (KOHA) |
| Koha item type |
Parliamentary Publication |
| Source of classification or shelving scheme |
Local Classification |
| 996 ## - STAFF PROCESSING RECORDS (NALT) |
| Staff name |
jidapa.t |
| Staff type |
CATSTF |
| Acquisition or Cataloging date |
2025-03-07 |
| 996 ## - STAFF PROCESSING RECORDS (NALT) |
| Staff name |
jamriang.p |
| Staff type |
CATSTF |
| Acquisition or Cataloging date |
2025-03-20 |
| 998 ## - STAFF NAME (NALT) |
| -- |
1020 |
| -- |
นางจำเรียง ระวังสำโรง |